The Legend Of Zelda: Oracle Of Ages/Seasons Dungeons - Statistics

General Stats
  • This quiz has been taken 7 times
  • The average score is 13 of 19
Answer Stats
Game Dungeon % Correct
Oracle Of Ages Mermaid's Cave
100%
Oracle Of Seasons Sword & Shield Maze
100%
Oracle Of Ages Black Tower
86%
Oracle Of Ages Crown Dungeon
86%
Oracle Of Seasons Dancing Dragon Dungeon
86%
Oracle Of Seasons Onox's Castle
86%
Oracle Of Ages Skull Dungeon
86%
Oracle Of Ages Ancient Tomb
71%
Oracle Of Seasons Gnarled Root Dungeon
71%
Oracle Of Ages Jabu-Jabu's Belly
71%
Oracle Of Seasons Poison Moth's Lair
71%
Oracle Of Seasons Snake's Remains
71%
Oracle Of Seasons Ancient Ruins
57%
Oracle Of Seasons Explorer's Crypt
57%
Oracle Of Seasons Unicorn's Cave
57%
Oracle Of Ages Moonlit Grotto
43%
Linked Game Room Of Rites
43%
Oracle Of Ages Wing Dungeon
43%
Oracle Of Ages Spirit's Grave
29%
No matching quizzes found
Score Distribution
Percent of People with Each Score
Percentile by Number Answered
Your Score History
You have not taken this quiz